000
00319 a2200109 4500
001
ART_41779
005
20260410161814.0
008
260409a
245
1
0
_a
Formación en derecho antidiscriminatorio
100
1
_a
Gil Ruiz, J. M.
773
0
_t
Academia
_g
- Año 13, Nº 26 (jul./dic. 2015)
_w
REV4314
999
_c
21698
_d
21698